000
00307nam a2200133 a 4500
001
4509
003
CDMR
005
20130116135257.0
008
130130s1966||||||||||||||||||||||||||||d
040
_a
CDMR
_b
cat
_c
CDMR
245
0
_a
Enciclopedia del periodismo
260
_a
Madrid
_c
1966
_b
Graf. Aldus
942
_c
MON
999
_c
4509
_d
4509